Регионална библиотека "Любен Каравелов" - Русе

Пътешествие без куфар (Запис номер 530099)

MARC детайли
000 -Лидер
Лидер 01388nim a2200277 a 4500
003 - Код на организацията, давaща контролен номер
Код на организацията, даваща контролен номер BLK
005 - Дата и час на последна редакция
Дата и час на последна редакция 20250326122558.0
007 - Фиксирано поле за физическо описани
Физическо описание sd ammalaaahaa
008 - Елементи от данни с фиксирана дължина
Елементи с фиксирана дължина 221104b bu |||||s|||| 00| | bu d
028 ## - PUBLISHER NUMBER
Издателски номер BАA 1885
040 ## - Източник на каталожния запис
Код на библиотеката BLK
041 ## - Код за език
Език на записа Български
Език за КДБФ Български
080 ## - УДК
УДК текст Литература на отделни езици и езикови семейства
УДК код 821
УДК – код + определител 821-93-31(086.72)
100 ## - Редна дума - Автор
Автор Стратиев, Станислав
R(LIN) 365396
Години, свързани с автора 1941-2000
Пълна форма на името Миладинов, Станко Стратиев
245 ## - Сведения за заглавието
Заглавие Пътешествие без куфар
Подзаглавни данни драматизация по едноименната книга на Станислав Стратиев
260 ## - Област на издателските данни
9 (RLIN) 210374
Място на издаване София
Име на издателя Балкантон
Година на издаване 1977
300 ## - Физическа характеристика
Брой страници 1 грамофонна плоча
Илюстрации 33 об/мин, двустранна, стерео
Размер 30 см
380 ## - Жанр
Жанр Детска худож. лит.
511 ## - Забележка за участници или изпълнители
Забележка за участници Учавствуват: Меглена Караламбова, Асен Ангелов, В. Борисов, Леда Тасева, Ани Бакалова, Домна Ганева, Николай Бинев, Иван Андонов<br/>Музика Петър Ступел<br/>Режисьор: Иван Андонов
852 ## - Местоположение
Сигнатура (форматна) Ф ІІ 3541
856 ## - Електронен адрес и достъп
Инструкция (цена за достъп) 0.00
Права за достъп disable
942 ## - АРТИКУЛИ
Вид на библиотечния документ Грамофонни плочи
Скрит в OPAC Не
944 ## - СЪЗДАВАНЕ И РЕДАКЦИЯ на ЗАПИСА
Дата на регистрацията/редакция Нора Радева
Служител, извършил регистрацията/редакцията 30545
Статус, дата на статуса Нора Радева
Създаване/Редакция
999 ## - СИСТЕМНИ КОНТРОЛНИ НОМЕРА
Koha biblionumber 530099
Koha biblioitemnumber 530099
999 ## - СИСТЕМНИ КОНТРОЛНИ НОМЕРА
Koha biblioitemnumber 530096
999 ## - СИСТЕМНИ КОНТРОЛНИ НОМЕРА
Koha biblioitemnumber 530095
Наличности
Код за отписване Код за изгубен артикул Източник на класификационната схема Код за повреда Коз за рестрикции Код за отдаване Артикулен № Име на библиотеката - собственик Име на библиотеката, в която се намира в момента Статус (Текущо местоположение) Дата на вписване в системата Местоположение - отдел Цена в лева Инвентарен номер Систематично азбучна сигнатура Баркод Цена в евро Служебен тип на артикула
  Не е изгубен Universal Decimal Classification Не е повреден само за читалня ползва се в читалня 965015 Регионална библиотека "Любен Каравелов" Русе Регионална библиотека "Любен Каравелов" Русе Хранилище 2025-03-26 Хранилище 2.30 9743 Ф ІІ 3541 900000116908 1.18 Грамофонни плочи
Vip Innovations Ltd, Rousse, Bulgaria 2025